[Event "Oslo Chess Festival 2017"]
[Site "Oslo"]
[Date "2017.09.29"]
[Round "1"]
[White "Mikalsen, Bengt Arne"]
[Black "Efroimski, Marsel"]
[Result "0-1"]
[WhiteElo "1727"]
[BlackElo "2331"]
[Annotator "TA"]
[PlyCount "100"]
[EventDate "2017.??.??"]
[EventType "swiss"]
[EventCountry "NOR"]
[SourceTitle "playchess.com"]
[Source "ChessBase"]
[SourceQuality "1"]

{[%evp 18,100,0,-45,8,-23,-25,-35,-35,-41,-14,-34,-36,-44,-40,-52,-46,-62,-62,-174,-64,-65,-56,-69,-69,-69,-68,-172,-84,-81,-78,-76,-76,-90,-90,-90,-90,-90,-90,-91,-90,-90,-52,-90,-90,-90,-90,-90,-90,-121,-97,-230,-206,-297,-310,-309,-304,-289,-284,-290,-218,-218,-183,-191,-153,-358,-351,-379,-379,-366,-374,-369,-331,-365,-372,-368,-349,-1107,-1105,-1095,-1088,-1077,-1077,-964,-943]} 1. c4 Nf6 2. Nc3 e5 3. g3 d5 4. cxd5 Nxd5 5. Bg2 Nb6 6. Nf3 Nc6 7. d3 Be7 8. O-O O-O 9. Nd2 Be6 10. b3 Qc8 $146 {A29: English Opening: Four Knights Variation with 4 g3} (10... Qd7 $15) ({Predecessor:} 10... Nd5 11. Bb2 Qd7 12. Nc4 f6 13. Nxd5 Bxd5 14. Bxd5+ Qxd5 15. Ne3 Qe6 16. Qc2 Nd4 17. Bxd4 exd4 18. Ng2 {1-0 (61) Rego,P (2271)-Ribeiro,B (2197) Torres Vedras 2013}) 11. Bb2 (11. Bxc6 $5 bxc6 12. Qc2 $11) 11... Bh3 12. Nf3 Bxg2 {Black is slightly better.} 13. Kxg2 f5 14. e3 Qe6 15. Qe2 Rad8 16. Rfd1 Bf6 17. Nb5 a6 18. Na3 ({White has to play} 18. Nc3 $15) 18... Rd7 ({Black should play} 18... e4 $19 19. dxe4 Bxb2 20. Qxb2 fxe4) 19. Nc4 $15 Rfd8 20. e4 Nxc4 21. bxc4 f4 22. a3 {[#]} (22. h3 $15) 22... Be7 (22... g5 $1 $19 {is more deadly. Strongly threatening ...g4.} 23. gxf4 gxf4) 23. h3 $17 fxg3 24. fxg3 Bc5 25. Rd2 Rf8 26. Rad1 Rdf7 27. Rf1 {aiming for Ng5.} Qe7 28. a4 Bb6 29. Rdd1 Qb4 30. Rc1 Qc5 31. Bc3 h6 $36 {[%mdl 2048] Keeping White busy.} 32. Rcd1 Qd6 33. h4 Qe6 34. h5 (34. Rb1 $17) 34... Qg4 $19 35. a5 (35. Rde1 $142) 35... Bc5 ({Weaker is} 35... Nxa5 36. c5 $15) ({Resist} 35... Bxa5 36. Bxa5 Nxa5 {[#]} 37. Nd4 $1 $19 {[%mdl 512]}) 36. Rde1 Qxh5 {And now ...g5 would win.} 37. Bd2 Qg4 38. Be3 Be7 {Threatens to win with ...Bh4!} 39. Rf2 Qe6 40. Ref1 Nxa5 41. Nh4 $2 (41. Qb2 $17) 41... Bxh4 42. Rxf7 Rxf7 43. Rxf7 Qxf7 ({Don't play} 43... Kxf7 44. gxh4 Nc6 45. h5 $19) 44. gxh4 Qg6+ 45. Kh3 Nc6 46. h5 Qe6+ 47. Qg4 $2 (47. Kg3) 47... Qxg4+ {Black is clearly winning.} 48. Kxg4 Nd4 49. Bc1 Kf7 50. Ba3 b6 {Precision: White = 40%, Black = 61%.} 0-1